000 00991pam a2200337 a 4500
001 6281320
003 PILC
005 20150112093443.0
008 070807s2007 enka 000 0 eng
010 _aOCN124025322
015 _aGBA732724
_2bnb
016 7 _a013735638
_2Uk
020 _a9780273712527 (pbk.)
020 _a9780273712525
035 _a(DLC)OCN124025322
035 _a(OCoLC)124025322
035 _a(NNC)6281320
040 _aUKM
_cUKM
_dBWKUK
050 4 _aHD 62.5
_b.W894 2007
082 0 4 _aMnSFr 658.022
_bW81 2007
100 1 _aWoods, Caspian.
_920909
245 1 0 _aFrom acorns :
_bHow to build a brilliant business /
_cCaspian Woods.
250 _a2nd ed.
260 _aHarlow, England ;
_aNew York :
_bPearson/Prentice Hall Business,
_c2007.
300 _a210 pages :
_billustration ;
_c24 cm.
500 _aPrevious ed.: 2004.
650 0 _aNew business enterprises.
_914296
942 _2lcc
_cBK
948 1 _a20071109
_bc
_coc2016
_dMPS
999 _c14820
_d14820